| 000 | 00756cam a22002411 4500 | ||
|---|---|---|---|
| 001 | sa 67007791 | ||
| 003 | DLC | ||
| 005 | 20260227112418.0 | ||
| 008 | 770706s1965 ii b b 000 0 eng | ||
| 010 | _asa 67007791 | ||
| 035 | _a(OCoLC)3096438 | ||
| 040 |
_aDLC _cMiGrC _dDLC |
||
| 042 | _apremarc | ||
| 050 | 0 | 0 |
_aBX1647.G6 _bD35 |
| 100 | 1 | _aD'Costa, Anthony. | |
| 245 | 1 | 4 | _aThe Christianisation of the Goa islands, 1510-1567. |
| 260 |
_aBombay, _c1965. |
||
| 300 |
_avi, 234 p. _bmaps. _c22 cm. |
||
| 500 | _a"Originally presented as a thesis ... in the Faculty of Church History of the Gregorian University at Rome." | ||
| 504 | _aBibliography : p. 201-207. | ||
| 651 | 0 |
_aGoa _xChurch history. |
|
| 610 | 2 | 0 |
_aCatholic Church _zIndia _zVelha Goa. |
| 999 |
_c76795 _d76795 |
||